University Home | Library Home | Institutional Repository

Pallitive Care/Downing Julia... et al (Record no. 36954)

MARC details
000 -LEADER
fixed length control field 00348cam a2200133 4500
008 - FIXED-LENGTH DATA ELEMENTS--GENERAL INFORMATION
fixed length control field 160412n 000 0 eng u
020 ## - INTERNATIONAL STANDARD BOOK NUMBER
International Standard Book Number 7989970204007
035 ## - SYSTEM CONTROL NUMBER
System control number (Sirsi) a195838
110 ## - MAIN ENTRY--CORPORATE NAME
Corporate name or jurisdiction name as entry element
245 ## - TITLE STATEMENT
Title Pallitive Care/Downing Julia... et al
260 ## - PUBLICATION, DISTRIBUTION, ETC.
Place of publication, distribution, etc. kampala:African Palliative Care,2011.
300 ## - PHYSICAL DESCRIPTION
Extent 85pages
700 ## - ADDED ENTRY--PERSONAL NAME
Personal name Julia Dowing
Holdings
Withdrawn status Lost status Source of classification or shelving scheme Damaged status Not for loan Home library Current library Shelving location Total Checkouts Full call number Barcode Date last seen Copy number Price effective from Koha item type
    Library of Congress Classification     Medical Library Medical Library On Shelf   PPPPP 33729004827494 08/13/2019 1 08/13/2019 Book
© 2026 - The University of Zambia Library - Koha v25.11